000 00915nam a22003017i 4500
999 _c169966
_d169966
005 20181024114103.0
008 181023t20122012my ||||j |||| 00| 1 chi d
020 _a9789670370835
_cRM20.00
_qpaperback
040 _aPPAK
_beng
_cPPAK
_erda
082 0 4 _223
_a895.1352
090 0 0 _a895.1352
_bTIN
_dK
100 1 _aTing, Moi Zhi,
_d1982-
_eauthor.
245 1 0 _aTong hua zhi cheng =
_bFairy tale city /
_cTing Moi Zhi
246 3 1 _aFairy tale city
250 _aDi yi ban
264 1 _aCheras, Kuala Lumpur :
_bOdonata Publishing Sdn, Bhd.,
_c2012
264 4 _c©2012
300 _a270 pages :
_c21 cm
336 _2rdacontent
_atext
337 _2rdamedia
_aunmediated
338 _2rdacarrier
_avolume
490 1 _aWorks ;
_v02
650 1 0 _aYoung adult fiction, Chinese
650 2 0 _aChinese fiction
_zMalaysia
650 2 0 _aMalaysian fiction (Chinese)
830 0 _aWorks ;
_n02
942 _2ddc
_cB